Programming with JAVA (Record no. 11505)

MARC details
000 -LEADER
fixed length control field 00376nam a22001697a 4500
003 - CONTROL NUMBER IDENTIFIER
control field OSt
008 - FIXED-LENGTH DATA ELEMENTS--GENERAL INFORMATION
fixed length control field 220906b ||||| |||| 00| 0 eng d
020 ## - INTERNATIONAL STANDARD BOOK NUMBER
International Standard Book Number 9789353162344
082 ## - DEWEY DECIMAL CLASSIFICATION NUMBER
Classification number 005.133 BAP
100 ## - MAIN ENTRY--PERSONAL NAME
Personal name BALAGURUSAMY,E
245 ## - TITLE STATEMENT
Title Programming with JAVA
250 ## - EDITION STATEMENT
Edition statement 6th
260 ## - PUBLICATION, DISTRIBUTION, ETC. (IMPRINT)
Place of publication, distribution, etc New Delhi
Name of publisher, distributor, etc TMH
Date of publication, distribution, etc 2022
300 ## - PHYSICAL DESCRIPTION
Extent 586
650 ## - SUBJECT ADDED ENTRY--TOPICAL TERM
Topical term or geographic name as entry element BCA
942 ## - ADDED ENTRY ELEMENTS (KOHA)
Source of classification or shelving scheme Dewey Decimal Classification
Koha item type Text Books
942 ## - ADDED ENTRY ELEMENTS (KOHA)
-- 38
Holdings
Withdrawn status Lost status Source of classification or shelving scheme Damaged status Not for loan Collection code Home library Current library Date acquired Source of acquisition Currency Cost, normal purchase price Bill Number Total Checkouts Full call number Acc. no. / Barcode Date last seen Date last borrowed Actual Cost, discounted price Bill Date Koha item type Checked out
    Dewey Decimal Classification     BCA PIET C-LIBRARY PIET C-LIBRARY 29/08/2022 Kirti Praskshan IN Rupees 699.00 IN856 3 005.133 BAP BC1924 08/12/2022 23/11/2022 475.32 29/08/2022 Text Books  
    Dewey Decimal Classification     BCA PIET C-LIBRARY PIET C-LIBRARY 29/08/2022 Kirti Praskshan IN Rupees 699.00 IN856 29 005.133 BAP BC1925 01/01/2026 16/12/2025 475.32 29/08/2022 Text Books  
    Dewey Decimal Classification     BCA PIET C-LIBRARY PIET C-LIBRARY 29/08/2022 Kirti Praskshan IN Rupees 699.00 IN856 30 005.133 BAP BC1926 31/12/2025 19/12/2025 475.32 29/08/2022 Text Books  
    Dewey Decimal Classification     BCA PIET C-LIBRARY PIET C-LIBRARY 29/08/2022 Kirti Praskshan IN Rupees 699.00 IN856 29 005.133 BAP BC1927 04/06/2026 14/01/2026 475.32 29/08/2022 Text Books  
    Dewey Decimal Classification     BCA PIET C-LIBRARY PIET C-LIBRARY 29/08/2022 Kirti Praskshan IN Rupees 699.00 IN856 1 005.133 BAP BC1928 14/09/2022 14/09/2022 475.32 29/08/2022 Text Books 28/09/2022
    Dewey Decimal Classification     BCA PIET C-LIBRARY PIET C-LIBRARY 29/08/2022 Kirti Praskshan IN Rupees 699.00 IN856 23 005.133 BAP BC1929 15/12/2025 05/12/2025 475.32 29/08/2022 Text Books  
    Dewey Decimal Classification     BCA PIET C-LIBRARY PIET C-LIBRARY 29/08/2022 Kirti Praskshan IN Rupees 699.00 IN856   005.133 BAP BC1930 06/09/2022   475.32 29/08/2022 Text Books  
    Dewey Decimal Classification     BCA PIET C-LIBRARY PIET C-LIBRARY 29/08/2022 Kirti Praskshan IN Rupees 699.00 IN856 4 005.133 BAP BC1931 15/12/2025 02/12/2025 475.32 29/08/2022 Text Books  
    Dewey Decimal Classification     BCA PIET C-LIBRARY PIET C-LIBRARY 29/08/2022 Kirti Praskshan IN Rupees 699.00 IN856 11 005.133 BAP BC1932 16/02/2024 16/02/2024 475.32 29/08/2022 Text Books 14/08/2024
    Dewey Decimal Classification     BCA PIET C-LIBRARY PIET C-LIBRARY 29/08/2022 Kirti Praskshan IN Rupees 699.00 IN856 28 005.133 BAP BC1933 15/12/2025 03/12/2025 475.32 29/08/2022 Text Books  

Design & Developed by: PIET Central Library
R70 Miles Stone Pattikalyana Samalkha Panipat 132102
mail ID :- [email protected], Phone No:- 0180-2569700 Ex.216